|
|
|
|
| LEADER |
01924nam a2200397 a 4500 |
| 001 |
36435 |
| 003 |
BD-DhAAL |
| 005 |
20211129104507.0 |
| 008 |
191022t2012 nyu b 001 0 eng d |
| 999 |
|
|
|c 41611
|d 41611
|
| 010 |
|
|
|a 2012004963
|
| 020 |
|
|
|a 9780071793421 (alk. paper)
|
| 020 |
|
|
|a 0071793429 (MHID : alk. paper)
|
| 020 |
|
|
|a 9780071793438 (eISBN)
|
| 020 |
|
|
|a 0071793437 (eMHID)
|
| 040 |
|
|
|a DLC
|c DLC
|d DLC
|d BD-DhAAL
|
| 042 |
|
|
|a pcc
|
| 050 |
0 |
0 |
|a HF5415.127
|b .H64 2012
|
| 082 |
0 |
0 |
|a 658.162
|2 23
|
| 100 |
1 |
|
|a Hoffmann, Norman W.
|9 36365
|
| 245 |
1 |
0 |
|a Mergers and acquisitions strategy for consolidations :
|b roll-up, roll-out, and innovate for superior growth and returns /
|c Norman W. Hoffmann.
|
| 250 |
|
|
|a First edition
|
| 260 |
|
|
|a New York, NY :
|b McGraw-Hill,
|c c2012.
|
| 300 |
|
|
|a x, 310 pages ;
|c 24 cm.
|
| 504 |
|
|
|a Includes bibliographical references (pages 285-294) and index.
|
| 505 |
0 |
|
|a The acquisition imperative -- The history of roll-ups -- Landmark communications roll-ups and roll-outs -- Prospecting for opportunities -- Roll-up valuation -- Striking the deal -- Structuring the deal -- Roll-up pitfalls -- Components of roll-up success -- Achieving roll-up efficiencies/implementing best practices -- Roll-out initiatives -- Innovation of process -- Transformative innovation -- Identifying roll-up opportunities.
|
| 526 |
|
|
|a BBS
|
| 541 |
|
|
|a Karim International
|e 36435
|
| 650 |
|
0 |
|a Market segmentation.
|9 36366
|
| 650 |
|
0 |
|a Consolidation and merger of corporations.
|9 36367
|
| 650 |
|
0 |
|a Success in business.
|9 36368
|
| 650 |
|
0 |
|a Finance.
|9 36369
|
| 650 |
|
0 |
|a Business & finance
|9 43287
|
| 852 |
|
|
|a Ayesha Abed Library
|c General Stacks
|
| 942 |
|
|
|2 ddc
|c BK
|
| 952 |
|
|
|0 0
|1 0
|2 ddc
|4 0
|6 658_162000000000000_HOF
|7 0
|9 66799
|a BRACUL
|b BRACUL
|c GEN
|d 2019-10-17
|e Karim International
|g 8300.00
|l 2
|m 24
|o 658.162 HOF
|p 3010036435
|r 2025-12-29
|s 2025-09-17
|t 1
|v 8300.00
|w 2019-10-17
|y BK
|